Statistics for Countries with as many or more borders than letters

Click here to take the quiz!

General Stats

  • This quiz has been taken 62 times
    (39 since last reset)
  • The average score is 19 of 28

Answer Stats

Answer% Correct
China
94%
Russia
94%
Iran
89%
Laos
89%
Chad
86%
Mali
86%
India
83%
Iraq
83%
Brazil
81%
France
81%
Peru
81%
Germany
75%
Italy
72%
Sudan
72%
Kenya
69%
Niger
69%
Serbia
69%
Austria
64%
Libya
61%
Poland
61%
Turkey
58%
Ukraine
56%
Hungary
53%
Syria
50%
Zambia
50%
Guinea
39%
Burma
36%
Tanzania
22%

Score Distribution

Percentile by Number Answered

Percent of People with Each Score

Your Score History

You have not taken this quiz since the last reset